| 000 | 01322nam a22002777a 4500 | ||
|---|---|---|---|
| 005 | 20230415012708.0 | ||
| 008 | 230415b ||||| |||| 00| 0 eng d | ||
| 020 | _a9789719815846 | ||
| 040 |
_aCvSU-CCAT Campus Library. _cCvSU-CCAT Campus Library. _erda. |
||
| 041 | _aEnglish. | ||
| 050 |
_aF QE 45 _bF45 2021 SHS |
||
| 100 |
_aFelicerta, Corazon N., author. _97560 |
||
| 245 |
_aBreaking through Earth Science for senior high school / _cCorazon N. Felicerta and Anna Carmela B. Bonifacio; Sol Saranay M. Baguio, coordinator. |
||
| 250 | _aRevised edition. | ||
| 260 |
_aQuezon City : _bC & E Publishing, Inc., _cc2021. |
||
| 300 |
_axii, 178 pages : _billustrations ; _c26 cm |
||
| 504 | _aIncludes bibliographical references and index. | ||
| 505 | _aChapter 1 : Origin and structure of earth Chapter 2 : Earth materials and resources Chapter 3 : Earth processes Chapter 4 : History of earth Glossary Bibliography Index | ||
| 541 | _e2060 c.1; 2061 c.2 | ||
| 546 | _aIn English text. | ||
| 650 |
_aEarth sciences _vExaminations, questions, etc. _97561 |
||
| 650 |
_aEarth sciences _vStudy and teaching. _97562 |
||
| 700 |
_aBonifacio, Anna Carmela B., author. _97563 |
||
| 700 |
_aBaguio, Saranay M., coordinator. _97564 |
||
| 942 |
_2lcc _cBK _eRevised edition. _hQE 45 F45 2021 SHS _kF |
||
| 999 |
_c2288 _d2288 |
||